Statystyki dla Odpowiedź Zaczyna się na "O"

Kliknij tutaj aby rozwiązać quiz!

Ogólne statystyki

  • Ten quiz został rozwiązany 16 777 razy
    (15 077 od ostatniego zresetowania)
  • Średni wynik to 15 z 25

Statystyki odpowiedzi

PytanieOdpowiedź% Poprawnych
Podaj nazwę jedynego na świecie kraju na literę "O".Oman
94%
Jaką nazwę nosi stolica Norwegii?Oslo
91%
Które miasto jest stolicą Kanady?Ottawa
87%
Jaką nazwę nosi województwo znajdujące się między Województwem Dolnośląskim a Województwem Śląskim?Opolskie
84%
Jaką nazwę nosi góra na której rzekomo rezydowali greccy bogowie?Olimp
83%
Jaką nazwę nosi japońska sztuka wykonywania kunsztownych papierowych figurek bez pomocy nożyczek i kleju?Origami
83%
Wynikiem jakiego działania jest różnica?Odejmowanie
82%
Jaką nazwę nosi ostatnia litera alfabetu greckiego?Omega
81%
Jaką wspólną nazwę nosi gromada stawonogów do której należą między innymi muchy czy pszczoły?Owady
81%
Jak brzmi tytuł hymnu Unii Europejskiej?Oda do Radości
72%
Jaką nazwę nosi zabieg językowy polegający na naśladowaniu swym brzmieniem dźwięki naturalne?Onomatopeja
66%
Jaką nazwę nosi dział medycyny zajmujący się anatomią, fizjologią i chorobami oczu?Okulistyka
64%
Jak miał na imię władca niemiecki z dynastii Ludolfinów tzw. Święty Cesarz Rzymski?Otton III
62%
Jaką nazwę nosi alotropowa odmiana tlenu o wzorze sumarycznym O3?Ozon
56%
Jak miał na nazwisko angielski publicysta i pisarz, autor "Folwarku Zwierzęcego" czy "Rok 1984"?Orwell
53%
Jak miał na imię mitologiczny poeta i śpiewak, który zszedł do Hadesu po Eurydykę?Orfeusz
46%
Jaką nazwą określa się młodych obrońców polskiego Lwowa z lat 1918–1920 w czasie wojny polsko-ukraińskiej?Orlęta Lwowskie
46%
Jak brzmi inna nazwa ośmioboku?Oktagon
45%
Kto był pierwszym cesarzem starożytnego Rzymu?Oktawian August
45%
Jaką nazwę nosi najludniejsza prowincja Kanady a jednocześnie nazwa jednego z wielkich jezior?Ontario
43%
Jaką nazwę nosi wywodzący się ze starożytnej Grecji ustrój politycznej w której władze sprawia niewielka grupa ludzi?Oligarchia
33%
Jak brzmiała nazwa miasta w którym doszło do podpisania traktatu pokojowego pomiędzy Polską o Szwecją?Oliwa
31%
Jaką nazwę nosiło w starożytnej Grecji głosowanie za pomocą glinianych skorupek?Ostracyzm
26%
Rozwiń skrót OHP.Ochotnicze Hufce Pracy
23%
Jak miał na nazwisko ostatni komendant główny Armii Krajowej?Okulicki
20%

Rozkład punktacji

Percentyl według liczby udzielonych odpowiedzi

Procent ludzi z każdym wynikiem

Twoja historia wyników

Nie rozwiązałeś tego quizu od ostatniego zresetowania